000 01138cam a2200313 i 4500
001 1826388
003 ARRUPE
005 20151029144556.0
008 800421s1980 ctu b 001 0beng
010 _a 80016259
020 _a0300025467
040 _aDLC
_cDLC
_dDLC
043 _ae-uk---
050 0 0 _aB785.M84
_bG87
082 0 0 _a942.05/2/0924
_aB
100 1 _aGuy, J. A.
_q(John Alexander)
_920770
245 1 4 _aThe public career of Sir Thomas More /
_cJ. A. Guy.
260 _aNew Haven, Conn. :
_bYale University Press,
_c1980.
300 _axii, 220 p. ;
_c25 cm.
504 _aIncludes bibliographical references and index.
600 1 0 _aMore, Thomas,
_cSaint,
_d1478-1535.
_920771
600 0 0 _aHenry
_bVIII,
_cKing of England,
_d1491-1547
_xRelations with humanists.
_94048
650 0 _aStatesmen
_zGreat Britain
_vBiography.
_94049
650 0 _aChristian martyrs
_zEngland
_vBiography.
_94051
651 0 _aGreat Britain
_xHistory
_yHenry VIII, 1509-1547
_vBiography.
_94052
651 0 _aEngland
_xIntellectual life
_y16th century.
_94053
906 _a7
_bcbc
_corignew
_d1
_eocip
_f19
_gy-gencatlg
942 _2lcc
_cMONOGRAPH
999 _c123690
_d123690